<?xml version="1.0" encoding="UTF-8"?>
<record
    xmlns:xsi="http://www.w3.org/2001/XMLSchema-instance"
    xsi:schemaLocation="http://www.loc.gov/MARC21/slim http://www.loc.gov/standards/marcxml/schema/MARC21slim.xsd"
    xmlns="http://www.loc.gov/MARC21/slim">

  <leader>00828nam a2200229   4500</leader>
  <controlfield tag="001">202834</controlfield>
  <datafield tag="090" ind1=" " ind2=" ">
    <subfield code="a">202834</subfield>
  </datafield>
  <datafield tag="100" ind1=" " ind2=" ">
    <subfield code="a">20251104              pory50       </subfield>
  </datafield>
  <datafield tag="200" ind1=" " ind2=" ">
    <subfield code="a">Critique de la raison pure</subfield>
    <subfield code="f">Emmanuel Kant</subfield>
    <subfield code="g">traduction fran&#xE7;aise avec note par A. Tremesaygues, B. Pacaud ; pr&#xE9;face de Ch. Serrus</subfield>
  </datafield>
  <datafield tag="210" ind1=" " ind2=" ">
    <subfield code="a">France</subfield>
    <subfield code="c">Universitaires</subfield>
    <subfield code="d">1965</subfield>
  </datafield>
  <datafield tag="215" ind1=" " ind2=" ">
    <subfield code="a">XXXI, 586 p.</subfield>
    <subfield code="c">brochado</subfield>
    <subfield code="d">23 cm </subfield>
  </datafield>
  <datafield tag="225" ind1=" " ind2=" ">
    <subfield code="a">Biblioth&#xE8;que de Philosophie Contemporaine</subfield>
    <subfield code="g">F&#xE9;lix Alcan</subfield>
  </datafield>
  <datafield tag="300" ind1=" " ind2=" ">
    <subfield code="a">Cont&#xE9;m muitas notas do Prof. Dr. Almeida Faria ao longo do livro</subfield>
  </datafield>
  <datafield tag="606" ind1=" " ind2=" ">
    <subfield code="9">14648</subfield>
    <subfield code="a">Metaf&#xED;sica</subfield>
  </datafield>
  <datafield tag="675" ind1=" " ind2=" ">
    <subfield code="a">11</subfield>
    <subfield code="v">PT</subfield>
    <subfield code="z">por</subfield>
  </datafield>
  <datafield tag="700" ind1=" " ind2=" ">
    <subfield code="9">2656</subfield>
    <subfield code="a">kant</subfield>
    <subfield code="b">Immanuel</subfield>
    <subfield code="f">1724-1804</subfield>
  </datafield>
  <datafield tag="702" ind1=" " ind2=" ">
    <subfield code="9">17683</subfield>
    <subfield code="a">Tremesaygues</subfield>
    <subfield code="b">A.</subfield>
  </datafield>
  <datafield tag="702" ind1=" " ind2=" ">
    <subfield code="9">17684</subfield>
    <subfield code="a">Pacaud</subfield>
    <subfield code="b">B.</subfield>
  </datafield>
  <datafield tag="702" ind1=" " ind2=" ">
    <subfield code="9">17685</subfield>
    <subfield code="a">Serrus</subfield>
    <subfield code="b">Ch.</subfield>
  </datafield>
  <datafield tag="801" ind1=" " ind2=" ">
    <subfield code="a">PT</subfield>
    <subfield code="b">BMMN</subfield>
    <subfield code="g">RPC</subfield>
  </datafield>
  <datafield tag="830" ind1=" " ind2=" ">
    <subfield code="c">Ana Falardo</subfield>
    <subfield code="g">Ana Falardo</subfield>
  </datafield>
  <datafield tag="990" ind1=" " ind2=" ">
    <subfield code="c">LIVROS</subfield>
  </datafield>
  <datafield tag="995" ind1=" " ind2=" ">
    <subfield code="0">0</subfield>
    <subfield code="2">0</subfield>
    <subfield code="5">2026-07-01</subfield>
    <subfield code="9">32645</subfield>
    <subfield code="b">BMMN</subfield>
    <subfield code="f">32355</subfield>
    <subfield code="k">11 KAN|LG</subfield>
    <subfield code="o">0</subfield>
    <subfield code="r">LIVROS</subfield>
    <subfield code="u">Acesso Condicionado</subfield>
    <subfield code="s">Oferta</subfield>
  </datafield>
</record>
